000 00786cam a2200241 a 4500
001 13605329
005 20171222081615.0
008 040525s2005 mauab b 001 0 eng
010 _a 2004107881
020 _a0312412894 (pbk.)
040 _aDLC
_cDLC
_dDLC
041 _aeng
043 _an-us-ca
080 _a808.0427 MAA
082 0 0 _a808.0427 MAA
_222
100 _a46
101 _aEDU
245 0 0 _aCalifornia dreams and realities :
_c[compiled by] Sonia Maasik, Jack Solomon.
504 _aIncludes bibliographical references and index.
906 _a7
_bcbc
_corignew
_d3
_eepcn
_f20
_gy-gencatlg
942 _2ddc
_cBK
999 _c39351
_d39351